02257cam a22003251 4500001001300000003000400013005001700017008004100034010001700075035001900092040004800111042001200159050002200171082001300193100003200206245011500238260005000353300008600403490005100489500005500540500025000595500025500845501027701100501039401377504002601771650003901797650003401836700003201870710002901902gs 43000063 DLC20260227111349.0770531s1942 ksuab 000 0 eng c ags 43000063  a(OCoLC)3006679 aU. S. Geol. survey. LibrarycOTdOCoLCdDLC apremarc00aQE113b.A2 no. 43 a557.81 s1 aWaite, Herbert Ames,d1910-00aGeology and ground-water resources of Ford County, Kansas /cby Herbert A. Waite ; analyses by Robert H. Hess. aTopeka :bKansas state printing plant,c1942. a250 p. :bincl. illus., tables, 3 fold. maps (in pocket), fold. profile ;c23 cm.0 aKansas. State geological survey. Bulletin 43 aUniversity of Kansas publications, December, 1942. aAt head of title: State geological survey of Kansas, Raymond C. Moore ... state geologist and director ... John C. Frye, Ph. D., assistant state geologist and assistant director. Division of ground water, Stanley W. Lohman, geologist in charge. aPrepared by the U. S. Geological survey and the State geological survey of Kansas, with the coöperation of the Division of sanitation of the Kansas State board of health, and the Division of water resources of the Kansas State board of agriculture. aWith : Geophysical investigations in the Tri-state zinc and lead mining district / by J. J. Jakosky, R. M. Dreyer, and C. H. Wilson, 1942 -- Geology and ground-water resources of Meade County, Kansas / by John C. Frye, 1942. Bound together subsequent to publication.5DLC aCopy 2 With : Geophysical investigations in the Tri-state zinc and lead mining district / by J. J. Jakosky, R. M. Dreyer, and C. H. Wilson, 1942 -- Geology and ground-water resources of Meade County, Kansas / by John C. Frye, 1942 -- Coal resources of the Douglas group in east-central Kansas / by Arthur L. Bowsher and John M. Jewett, 1943. Bound together subsequent to publication.5DLC aBibliography: p. 170. 0aWater-supplyzKansaszFord County. 0aGeologyzKansaszFord County.1 aHess, Robert Harlan,d1910-2 aGeological Survey (U.S.)